| 000 | 00939nam a2200265Ia 4500 | ||
|---|---|---|---|
| 003 | OSt | ||
| 005 | 20221005105504.0 | ||
| 006 | a|||||r|||| 00| 0 | ||
| 007 | ta | ||
| 008 | 221004b |||||||| |||| 00| 0 san d | ||
| 020 | _cINR 45.00 | ||
| 024 | _a45607 | ||
| 037 |
_b5328, 25/02/2019, Meharchand Lachhmandas Publications _cTextual |
||
| 040 |
_aCRL _cCRL _bsan |
||
| 041 |
_2san _asan |
||
| 082 | _aP15,1:g, 152M3 | ||
| 100 | _aभट्ट, केदार, ले. | ||
| 245 | 0 | _aवृत्तरत्नाकर | |
| 246 | _aVṛuttaratnākara | ||
| 260 |
_aनई दिल्ली _bमेहरचन्द लछमनदास भारत _c1983 |
||
| 300 |
_a146पृ0 _ccm. |
||
| 650 | _aभाषाशास्त्र | ||
| 942 |
_hP15,1:g, 152M3 _cTEXL _2cc |
||
| 999 |
_c1015993 _d1015993 |
||